000 00492nam a2200193Ia 4500
001 15013
003 GE_BSU
008 181216s||||||||xx |||||||||||||| ||und||
040 _cGE_BSU
080 _a514
100 _aБолтянский,В.Г.
245 _aТретья проблема Гильберта
260 _aМосква
260 _bНаука
260 _c1977
300 _a204стр.20см.
653 _aТретья проблема Гильберта
942 _cBK
999 _c48132
_d48132